00730nam a22001937a 4500003000500000005001700005008004100022010001000063011001000073035001000083040000900093110007100102245005400173260008600227300000900313490010000322650001400422830010000436CHAP20220329133802.0971013s1985 r 00010 d a10869 a11841 a11291 cCHAP2 aINIA. México. Centro de Investigaciones Agrícolas del Noroeste1 aGuía para producir plantago en el sur de Sonora aCd. Obregón, Son. :bINIA. Campo Agrícola Experimental Valle del Yaqui,c1985 a8 p. aINIA. México. Centro de Investigaciones Agrícolas del Noroeste. Folleto para productores 1214aPlantago.0 aINIA. México. Centro de Investigaciones Agrícolas del Noroeste. Folleto para productores 12